000 00472nam a2200169Ia 4500
003 GCL
008 140319s9999 xx 000 0 aRus d
040 _aGCL /
_cGCL
082 0 4 _a860
_bI C
100 1 _aIMBERT, ENRIQUE ANDERSON
245 1 0 _aLA CRITICA LITERARIA: SUS METODS Y PROBLEMAS /
_cIMBERT, ENRIQUE ANDERSON
260 _a[S.N] :
_bA LIANZA EDITORIAL ،
_c1984
300 _a159 P
650 0 4 _aLITERATURE
650 0 4 _aSPANISH LITERATURE
942 _2ddc
_cBK
999 _c24455
_d24455